000 00635nam a22002417a 4500
001 22618
003 UA-OsUOA
005 20220713101752.0
007 ta
008 20031223b un ||||| |||| 00| 0 ukr d
020 _a5-12-002840-3
040 _aUA-OsUOA
_brus
_cUA-OsUOA
_dUA-OsUOA
041 _arus
044 _aUA
080 _a161.1
090 _a161.1
_bЛ69
245 _aЛогика и проблема рациональности
_cред. Н .В. Попович
260 _aКиев
_bНаукова думка
_c1993
300 _a190 с.
_bІлюстрації
650 7 _2UDC
942 _cBK
_2udc
955 _a0
999 _c308840
_d308840